| 000 | 00534 a2200169 4500 | ||
|---|---|---|---|
| 003 | Nust | ||
| 005 | 20230525122935.0 | ||
| 040 | _cNust | ||
| 082 | _a822.23, PLI | ||
| 100 |
_aPlimpton,George A _9112598 |
||
| 245 |
_aThe Education Of Shakespeare _cGeorge A Plimpton |
||
| 260 |
_aLondon _bOxford university |
||
| 300 | _a140:p | ||
| 505 | _aIntroduction (Page-3), Teachers In Shakespeare Day (Page-7), Courses Of Study In Shakespeare Day (Page-45), The Textbook Of Shakespeare Day(Page-47). | ||
| 650 | _aDrama | ||
| 942 |
_2ddc _cBK |
||
| 999 |
_c186697 _d186697 |
||